Tenancies: mind the act. (Record no. 60444)

MARC details
000 -LEADER
fixed length control field 00866cam a2200217 4500
001 - CONTROL NUMBER
control field ABS60798
008 - FIXED-LENGTH DATA ELEMENTS--GENERAL INFORMATION
fixed length control field 000000n1999 000 0 eng u
035 ## - SYSTEM CONTROL NUMBER
System control number (Sirsi) u101293
100 ## - MAIN ENTRY--PERSONAL NAME
Personal name Walker, A.
245 ## - TITLE STATEMENT
Title Tenancies: mind the act.
260 ## - PUBLICATION, DISTRIBUTION, ETC.
Date of publication, distribution, etc. 1999
490 ## - SERIES STATEMENT
Series statement Property Week
Volume/sequential designation 64(22) 4 June 1999, 36-37(2)
520 ## - SUMMARY, ETC.
Summary, etc. Discusses two recent cases relating to occupancy: "de Rothschild and others v Bell and Another" which dealt with the rights of occupation after contractual expiry, and "Ujima Housing Association v Ansarh and Another", regarding sufficient occupation for an assured tenancy.
650 ## - SUBJECT ADDED ENTRY--TOPICAL TERM
Topical term or geographic name entry element OCCUPATION
650 ## - SUBJECT ADDED ENTRY--TOPICAL TERM
Topical term or geographic name entry element ASSURED TENANCY
650 ## - SUBJECT ADDED ENTRY--TOPICAL TERM
Topical term or geographic name entry element EXPIRY OF TENANCY
650 ## - SUBJECT ADDED ENTRY--TOPICAL TERM
Topical term or geographic name entry element SUB-LETTING
690 ## - LOCAL SUBJECT ADDED ENTRY--TOPICAL TERM (OCLC, RLIN)
Topical term or geographic name as entry element PROPERTY-RESIDENTIAL PROPERTY-RESIDENTIAL LANDLORD AND TENANT-RESIDENTIAL TENANCIES
700 ## - ADDED ENTRY--PERSONAL NAME
Personal name Dutton, T.
942 ## - ADDED ENTRY ELEMENTS (KOHA)
Suppress in OPAC 0
Holdings
Withdrawn status Lost status Source of classification or shelving scheme Damaged status Not for loan Home library Current library Shelving location Date acquired Total Checkouts Full call number Barcode Date last seen Copy number Price effective from Koha item type
    Dewey Decimal Classification     London London Journal article 03/11/1999   ABS60798 101293-1001 06/08/2019 1 06/08/2019 Journal article